000 00428nam a2200181Ia 4500
001 2020
005 20260306143811.0
008 260306t1969||||xx |||||||||||||| ||spa||
041 _aESP
082 _a610.92
_bP23
100 _aPaniagua, Juan A.
_eAUT
245 0 _aEl maestro Arnau de Vilanova médico
260 _c1969
300 _a92 páginas :
_c21 cm.
650 _aGEN
654 _aCPS
942 _cLIB
_dJUS
_fJUS
_2ddc
_n
999 _c2020
_d2020